000 00244nam a22000857a 4500
999 _c516438
_d516438
100 _aWeeraperuma, Susunaga
_922934
245 _aJ. Krishnamurti as i knew him
_cby Susunaga Weeraperuma
260 _aDelhi
_bMotilal Banarsidass
_c1988
300 _a184p.